|
|
|
|
| LEADER |
01775nam a2200301 a 4500 |
| 001 |
11951702 |
| 008 |
091227s1999 bg a b 000 0 eng d |
| 010 |
|
|
|a \\\99945594
|
| 020 |
|
|
|a 9843104749
|
| 040 |
|
|
|a DLC
|c DLC
|d DLC
|d BD-DhAAL
|
| 082 |
0 |
0 |
|a 307.1/412/095492
|2 21
|
| 100 |
1 |
|
|a Costa, Thomas,
|d 1953-
|9 58891
|
| 245 |
1 |
0 |
|a Beyond empowerment :
|b changing power relations in rural Bangladesh /
|c Thomas Costa.
|
| 260 |
|
|
|a Dhaka :
|b Community Development Library,
|c 1999.
|
| 300 |
|
|
|a x, 188 pages :
|b illustrations ;
|c 22 cm.
|
| 504 |
|
|
|a Includes bibliographical references (p. 185-188).
|
| 520 |
|
|
|a Comparative study of two villages, one in Badolgachi Thana, Naogaon District and the other in Dinajpur District, Bangladesh.
|
| 541 |
1 |
|
|e 00012865
|
| 650 |
|
0 |
|a Rural development
|z Bangladesh
|z Badolgachi Thana
|v Case studies.
|9 58892
|
| 650 |
|
0 |
|a Rural development
|z Bangladesh
|z Dinajpur District
|v Case studies.
|9 58893
|
| 710 |
2 |
|
|a Community Development Library (Dhaka, Bangladesh)
|9 56454
|
| 852 |
4 |
|
|a Ayesha Abed Library
|j General shelf
|
| 942 |
|
|
|2 ddc
|c BK
|
| 999 |
|
|
|c 6448
|d 6448
|
| 952 |
|
|
|0 0
|1 0
|2 ddc
|4 0
|6 307_141209549200000_COS
|7 0
|9 6528
|a BRACUL
|b BRACUL
|c GEN
|d 2009-12-27
|g 250.00
|l 0
|o 307.1412095492 COS
|p 3010012865
|r 2009-12-27
|t 1
|w 2009-12-27
|y 1HOUR
|
| 952 |
|
|
|0 0
|1 0
|2 ddc
|4 0
|6 307_100000000000000_412_095492_COS
|7 0
|9 24156
|a SCL
|b SCL
|c GEN
|d 2001-05-08
|g 250.00
|l 0
|o 307.1412095492 COS
|p 3020003154
|r 2014-04-21
|t 2
|w 2014-04-21
|y BK
|
| 952 |
|
|
|0 0
|1 0
|2 ddc
|4 0
|6 307_141209549200000_COS
|7 0
|9 42894
|a SCL
|b SCL
|c GEN
|d 2003-04-03
|l 2
|m 10
|o 307.1412095492 COS
|p 3020004122
|r 2019-12-08
|s 2019-09-30
|t 3
|w 2014-07-05
|y BK
|
| 952 |
|
|
|0 0
|1 0
|2 ddc
|4 0
|6 307_100000000000000_412_095492_COS
|7 0
|9 54179
|a SCL
|b SCL
|c GEN
|d 2015-06-09
|g 250.00
|l 0
|o 307.1412095492 COS
|p 3020002469
|r 2015-06-09
|t 4
|w 2015-06-09
|y BK
|